[Event "DSJ Weihnachtsturnier U20 2020"]
[Site "https://play.chessbase.com/en/play?room=DSJWeihnachtU20"]
[Date "2020.12.29"]
[Round "2"]
[White "Fieberg, Samuel"]
[Black "Neumann, Oskar"]
[Result "1-0"]
[Termination "normal"]
[Board "5.4"]
[WhiteTitle "FM"]
[WhiteElo "2180"]
[BlackElo "1691"]
[WhiteTeam "Schachgemeinschaft Porz"]
[BlackTeam "SK Johanneum Eppendorf"]
[PlyCount "31"]
[WhiteFideId "12901717"]
[BlackFideId "12974218"]
[EventRounds "7"]
[EventType "team-swiss"]
[EventDate "2020.12.29"]

1. e4 {[%emt 0:00:00] Restarted W (13.22e) Restarted B (13.22e) OK OK} c5 {
[%emt 0:00:04]} 2. Nf3 {[%emt 0:00:04]} e6 {[%emt 0:00:03]} 3. d4 {[%emt
0:00:02]} cxd4 {[%emt 0:00:01]} 4. Nxd4 {[%emt 0:00:00]} a6 {[%emt 0:00:01]} 5.
Nc3 {[%emt 0:00:01]} Qc7 {[%emt 0:00:03]} 6. Be2 {[%emt 0:00:08]} Nf6 {[%emt
0:00:03]} 7. O-O {[%emt 0:00:05]} b5 {[%emt 0:00:09]} 8. Bf3 {[%emt 0:00:12]}
Bb7 { [%emt 0:00:05]} 9. e5 {[%emt 0:00:23]} Nd5 {[%emt 0:01:33]} 10. Nxd5
{[%emt 0:00:11]} exd5 {[%emt 0:00:21]} 11. Nf5 {[%emt 0:00:12]} Qc6 {[%emt
0:00:30]} 12. Re1 {[%emt 0:00:35]} g6 {[%emt 0:00:16]} 13. Nd6+ {[%emt
0:00:21]} Bxd6 { [%emt 0:00:52]} 14. exd6+ {[%emt 0:00:00]} Kf8 {[%emt
0:00:01]} 15. Bh6+ { [%emt 0:00:03]} Kg8 {[%emt 0:00:07]} 16. Re8# {[%emt
0:00:02]} 1-0

[Event "DSJ Weihnachtsturnier U20 2020"]
[Site "https://play.chessbase.com/en/play?room=DSJWeihnachtU20"]
[Date "2020.12.29"]
[Round "2"]
[White "Kölle, Tobias"]
[Black "Kolb, Tobias"]
[Result "1/2-1/2"]
[Termination "normal"]
[Board "6.1"]
[WhiteTitle "FM"]
[WhiteElo "2340"]
[BlackElo "2285"]
[WhiteTeam "TSV Schönaich"]
[BlackTeam "SC 1868 Bamberg"]
[PlyCount "198"]
[WhiteFideId "16207378"]
[BlackFideId "12992321"]
[EventRounds "7"]
[EventType "team-swiss"]
[EventDate "2020.12.29"]

1. Nf3 {[%emt 0:00:00]} d5 {[%emt 0:01:15]} 2. c4 {[%emt 0:00:02]} c6 {[%emt
0:00:03]} 3. b3 {[%emt 0:00:11]} Nf6 {[%emt 0:00:05]} 4. Bb2 {[%emt 0:00:02]}
Bf5 {[%emt 0:00:03]} 5. e3 {[%emt 0:00:05]} e6 {[%emt 0:00:02]} 6. Nc3 {[%emt
0:00:02]} Be7 {[%emt 0:00:02]} 7. d4 {[%emt 0:00:04]} O-O {[%emt 0:00:02]} 8.
Be2 { [%emt 0:00:10]} Nbd7 {[%emt 0:00:03]} 9. Nh4 {[%emt 0:00:03]} Be4 {[%emt
0:00:02]} 10. f3 {[%emt 0:00:11]} Ng4 {[%emt 0:01:03]} 11. fxe4 {[%emt
0:02:05]} Bxh4+ {[%emt 0:00:02]} 12. g3 {[%emt 0:00:01]} Nxe3 {[%emt 0:00:01]}
13. Qd3 { [%emt 0:00:01]} Bg5 {[%emt 0:00:06]} 14. Bc1 {[%emt 0:00:08]} dxe4
{[%emt 0:04:19]} 15. Nxe4 {[%emt 0:00:07]} Qa5+ {[%emt 0:00:03]} 16. Bd2 {[%emt
0:00:09]} Ng2+ {[%emt 0:00:40]} 17. Kf2 {[%emt 0:00:07]} Bxd2 {[%emt 0:00:17]}
18. Nxd2 { [%emt 0:00:14]} Ne5 {[%emt 0:00:37]} 19. Qe4 {[%emt 0:00:52]} Qxd2
{[%emt 0:00:33]} 20. dxe5 {[%emt 0:00:51]} f5 {[%emt 0:00:09]} 21. Qd3 {[%emt
0:00:04]} Rad8 {[%emt 0:00:19]} 22. Qxd2 {[%emt 0:00:05]} Rxd2 {[%emt 0:00:00]}
23. Rhd1 {[%emt 0:00:01]} Rb2 {[%emt 0:00:10]} 24. Rdb1 {[%emt 0:00:03]} Rd2
{[%emt 0:00:02]} 25. Rd1 {[%emt 0:00:02]} Rb2 {[%emt 0:00:01]} 26. Rab1 {[%emt
0:02:01]} Rxa2 {[%emt 0:00:02]} 27. Ra1 {[%emt 0:00:02]} Rb2 {[%emt 0:00:01]}
28. Rdb1 { [%emt 0:00:39]} Rd2 {[%emt 0:00:02]} 29. Rd1 {[%emt 0:00:10]} Rb2
{[%emt 0:00:02]} 30. Rxa7 {[%emt 0:01:38]} f4 {[%emt 0:00:03]} 31. Kxg2 {[%emt
0:00:09]} f3+ {[%emt 0:00:11]} 32. Kg1 {[%emt 0:00:03]} fxe2 {[%emt 0:00:23]}
33. Re1 { [%emt 0:00:02]} Rxb3 {[%emt 0:00:05]} 34. Rxe2 {[%emt 0:00:02]} Rd8
{[%emt 0:00:06]} 35. Rc2 {[%emt 0:00:06]} h6 {[%emt 0:00:03]} 36. Kg2 {[%emt
0:00:01]} Kh7 {[%emt 0:00:01]} 37. Ra1 {[%emt 0:00:03]} Rd4 {[%emt 0:00:03]}
38. Rf1 { [%emt 0:00:03]} Re4 {[%emt 0:00:03]} 39. Rf7 {[%emt 0:00:06]} Rxe5
{[%emt 0:00:01]} 40. Rd2 {[%emt 0:00:01]} Rb4 {[%emt 0:00:06]} 41. Rdd7 {[%emt
0:00:07]} Rg5 {[%emt 0:00:01]} 42. c5 {[%emt 0:00:05]} Rb2+ {[%emt 0:00:04]}
43. Kg1 { [%emt 0:00:04]} Rb5 {[%emt 0:00:01]} 44. Kg2 {[%emt 0:00:14]} Rbxc5
{[%emt 0:00:01]} 45. h4 {[%emt 0:00:05]} Rg6 {[%emt 0:00:02]} 46. Rxb7 {[%emt
0:00:01]} Rc2+ {[%emt 0:00:01]} 47. Kf3 {[%emt 0:00:05]} Rc3+ {[%emt 0:00:01]}
48. Ke4 { [%emt 0:00:01]} Rgxg3 {[%emt 0:00:02]} 49. h5 {[%emt 0:00:02]} Rg5
{[%emt 0:00:01]} 50. Rfe7 {[%emt 0:00:03]} Rc4+ {[%emt 0:00:01]} 51. Kd3 {[%emt
0:00:01]} Rh4 {[%emt 0:00:02]} 52. Rxe6 {[%emt 0:00:01]} Rhxh5 {[%emt 0:00:01]}
53. Rxc6 {[%emt 0:00:00]} Rh3+ {[%emt 0:00:02]} 54. Ke2 {[%emt 0:00:01]} Rg2+
{[%emt 0:00:04]} 55. Kf1 {[%emt 0:00:02]} Ra2 {[%emt 0:00:04]} 56. Kg1 {[%emt
0:00:04]} Rd3 {[%emt 0:00:02]} 57. Rc1 {[%emt 0:00:05]} Rdd2 {[%emt 0:00:04]}
58. Re1 { [%emt 0:00:02]} h5 {[%emt 0:00:01]} 59. Rb4 {[%emt 0:00:03]} Kh6
{[%emt 0:00:02]} 60. Rb6+ {[%emt 0:00:01]} g6 {[%emt 0:00:01]} 61. Rb5 {[%emt
0:00:02]} h4 {[%emt 0:00:01]} 62. Rb3 {[%emt 0:00:04]} g5 {[%emt 0:00:01]} 63.
Rb6+ { [%emt 0:00:03]} Kh5 {[%emt 0:00:01]} 64. Rb8 {[%emt 0:00:00]} Kg4 {[%emt
0:00:02]} 65. Rb4+ {[%emt 0:00:01]} Kh5 {[%emt 0:00:02]} 66. Rb3 {[%emt
0:00:01]} Rdc2 {[%emt 0:00:02]} 67. Rd3 {[%emt 0:00:02]} Kg4 {[%emt 0:00:02]}
68. Rd4+ { [%emt 0:00:01]} Kh5 {[%emt 0:00:01]} 69. Rd3 {[%emt 0:00:00]} Rc4
{[%emt 0:00:01]} 70. Kh1 {[%emt 0:00:08]} Rc5 {[%emt 0:00:04]} 71. Rg1 {[%emt
0:00:02]} Rcc2 {[%emt 0:00:07]} 72. Re1 {[%emt 0:00:03]} Rh2+ {[%emt 0:00:01]}
73. Kg1 { [%emt 0:00:01]} Rhg2+ {[%emt 0:00:01]} 74. Kh1 {[%emt 0:00:01]} Rgc2
{[%emt 0:00:02]} 75. Rb3 {[%emt 0:00:04]} Rcb2 {[%emt 0:00:03]} 76. Rc3 {[%emt
0:00:02]} Rh2+ {[%emt 0:00:01]} 77. Kg1 {[%emt 0:00:01]} Rag2+ {[%emt 0:00:01]}
78. Kf1 { [%emt 0:00:01]} Rf2+ {[%emt 0:00:02]} 79. Kg1 {[%emt 0:00:01]} Rhg2+
{[%emt 0:00:01]} 80. Kh1 {[%emt 0:00:01]} Rg4 {[%emt 0:00:03]} 81. Re8 {[%emt
0:00:11]} Rgf4 {[%emt 0:00:02]} 82. Re1 {[%emt 0:00:02]} Rf1+ {[%emt 0:00:01]}
83. Rxf1 { [%emt 0:00:00]} Rxf1+ {[%emt 0:00:00]} 84. Kg2 {[%emt 0:00:00]} Rf4
{[%emt 0:00:01]} 85. Rc8 {[%emt 0:00:01]} Kg4 {[%emt 0:00:03]} 86. Rc3 {[%emt
0:00:00]} Ra4 {[%emt 0:00:02]} 87. Rc2 {[%emt 0:00:01]} h3+ {[%emt 0:00:02]}
88. Kh2 { [%emt 0:00:01]} Kh4 {[%emt 0:00:01]} 89. Rc8 {[%emt 0:00:03]} Ra2+
{[%emt 0:00:02]} 90. Kh1 {[%emt 0:00:01]} g4 {[%emt 0:00:01]} 91. Rc4 {[%emt
0:00:02]} Rf2 {[%emt 0:00:06]} 92. Ra4 {[%emt 0:00:02]} Kg3 {[%emt 0:00:02]}
93. Ra3+ { [%emt 0:00:04]} Rf3 {[%emt 0:00:01]} 94. Ra1 {[%emt 0:00:00]} Re3
{[%emt 0:00:05]} 95. Rg1+ {[%emt 0:00:05]} Kf3 {[%emt 0:00:02]} 96. Rf1+ {[%emt
0:00:02]} Kg3 {[%emt 0:00:01]} 97. Ra1 {[%emt 0:00:02]} h2 {[%emt 0:00:02]} 98.
Rb1 { [%emt 0:00:03]} Kh3 {[%emt 0:00:04]} 99. Rb3 {[%emt 0:00:03]} Rxb3 {[%emt
0:00:05]} 1/2-1/2

[Event "DSJ Weihnachtsturnier U20 2020"]
[Site "https://play.chessbase.com/en/play?room=DSJWeihnachtU20"]
[Date "2020.12.29"]
[Round "2"]
[White "Köhler, Lukas"]
[Black "Brunner, Jan"]
[Result "0-1"]
[Termination "normal"]
[Board "6.2"]
[WhiteElo "2127"]
[BlackElo "2167"]
[WhiteTeam "SC 1868 Bamberg"]
[BlackTeam "TSV Schönaich"]
[PlyCount "182"]
[WhiteFideId "16221990"]
[BlackFideId "12981010"]
[EventRounds "7"]
[EventType "team-swiss"]
[EventDate "2020.12.29"]

1. e4 {[%emt 0:00:11]} c5 {[%emt 0:00:01]} 2. a3 {[%emt 0:00:03]} e6 {[%emt
0:00:43]} 3. Nf3 {[%emt 0:00:02]} Nc6 {[%emt 0:00:05]} 4. d4 {[%emt 0:00:03]}
cxd4 {[%emt 0:00:04]} 5. Nxd4 {[%emt 0:00:01]} d6 {[%emt 0:00:01]} 6. Nc3 {
[%emt 0:00:02]} Nf6 {[%emt 0:00:01]} 7. Be2 {[%emt 0:00:54]} Be7 {[%emt
0:00:02]} 8. Be3 {[%emt 0:00:01]} O-O {[%emt 0:00:06]} 9. O-O {[%emt 0:00:31]}
a6 { [%emt 0:00:05]} 10. f4 {[%emt 0:00:34]} Qc7 {[%emt 0:00:05]} 11. Bf3
{[%emt 0:00:07]} e5 {[%emt 0:00:09]} 12. Nb3 {[%emt 0:00:41]} exf4 {[%emt
0:00:17]} 13. Bxf4 {[%emt 0:00:06]} Ne5 {[%emt 0:00:01]} 14. Bg5 {[%emt
0:00:23]} Be6 { [%emt 0:00:26]} 15. Nd4 {[%emt 0:00:21]} h6 {[%emt 0:00:28]}
16. Bf4 {[%emt 0:01:27]} Rfe8 {[%emt 0:00:58]} 17. Nxe6 {[%emt 0:01:30]} fxe6
{[%emt 0:00:02]} 18. Be2 {[%emt 0:00:51]} Qb6+ {[%emt 0:00:23]} 19. Kh1 {[%emt
0:00:08]} Rac8 { [%emt 0:00:00]} 20. Rb1 {[%emt 0:00:25]} Qc6 {[%emt 0:00:03]}
21. Bd3 {[%emt 0:00:22]} Rf8 {[%emt 0:00:27]} 22. h3 {[%emt 0:00:14]} b5 {[%emt
0:00:15]} 23. Qe2 {[%emt 0:00:23]} Nfd7 {[%emt 0:00:44]} 24. Qh5 {[%emt
0:00:22]} Nf6 { [%emt 0:00:18]} 25. Qe2 {[%emt 0:00:04]} Nfd7 {[%emt 0:01:41]}
26. Qh5 { [%emt 0:00:31]} Bf6 {[%emt 0:00:28]} 27. Rbd1 {[%emt 0:00:25]} Nc5
{[%emt 0:00:10]} 28. Qe2 {[%emt 0:00:06]} Rcd8 {[%emt 0:00:09]} 29. Qe3 {[%emt
0:00:01]} Kh7 {[%emt 0:00:31]} 30. Be2 {[%emt 0:00:05]} Ng6 {[%emt 0:00:17]}
31. Bh2 { [%emt 0:00:07]} Be5 {[%emt 0:00:01]} 32. Bxe5 {[%emt 0:00:02]} Nxe5
{[%emt 0:00:03]} 33. Bd3 {[%emt 0:00:01]} Qd7 {[%emt 0:00:14]} 34. Ne2 {[%emt
0:00:01]} Qe7 {[%emt 0:00:12]} 35. Nd4 {[%emt 0:00:02]} Rf6 {[%emt 0:00:40]}
36. Nf3 { [%emt 0:00:01]} Ncd7 {[%emt 0:00:09]} 37. Nxe5 {[%emt 0:00:02]} Nxe5
{[%emt 0:00:00]} 38. Rxf6 {[%emt 0:00:04]} Qxf6 {[%emt 0:00:00]} 39. Rf1 {[%emt
0:00:01] } Qg6 {[%emt 0:00:02]} 40. Be2 {[%emt 0:00:04]} Rc8 {[%emt 0:00:10]}
41. Bd3 { [%emt 0:00:01]} Rc7 {[%emt 0:00:07]} 42. Qe2 {[%emt 0:00:01]} Rf7
{[%emt 0:00:03]} 43. Rxf7 {[%emt 0:00:01]} Qxf7 {[%emt 0:00:00]} 44. Kg1 {[%emt
0:00:03]} Qf4 {[%emt 0:00:03]} 45. Qe1 {[%emt 0:00:04]} Qg5 {[%emt 0:00:13]}
46. Qd1 { [%emt 0:00:01]} Qe3+ {[%emt 0:00:02]} 47. Kh1 {[%emt 0:00:04]} Qf2
{[%emt 0:00:11]} 48. b3 {[%emt 0:00:00]} Ng6 {[%emt 0:00:07]} 49. Qe2 {[%emt
0:00:01]} Qxe2 {[%emt 0:00:03]} 50. Bxe2 {[%emt 0:00:00]} Ne5 {[%emt 0:00:01]}
51. Kg1 { [%emt 0:00:01]} Kg6 {[%emt 0:00:04]} 52. Kf2 {[%emt 0:00:00]} Kf6
{[%emt 0:00:01]} 53. Ke3 {[%emt 0:00:00]} Nc6 {[%emt 0:00:02]} 54. g3 {[%emt
0:00:06]} Ke5 {[%emt 0:00:01]} 55. c3 {[%emt 0:00:02]} Ne7 {[%emt 0:00:06]} 56.
c4 {[%emt 0:00:05]} bxc4 {[%emt 0:00:04]} 57. Bxc4 {[%emt 0:00:00]} a5 {[%emt
0:00:01]} 58. b4 {[%emt 0:00:03]} axb4 {[%emt 0:00:01]} 59. axb4 {[%emt
0:00:00]} Nc8 { [%emt 0:00:01]} 60. Bd3 {[%emt 0:00:03]} Nb6 {[%emt 0:00:01]}
61. b5 {[%emt 0:00:02]} d5 {[%emt 0:00:01]} 62. exd5 {[%emt 0:00:01]} Nxd5+
{[%emt 0:00:02]} 63. Kf3 {[%emt 0:00:01]} Kd4 {[%emt 0:00:03] Bamberg1-002
offers a draw} 64. Bf1 {[%emt 0:00:02]} e5 {[%emt 0:00:02]} 65. g4 {[%emt
0:00:04]} e4+ {[%emt 0:00:02]} 66. Kf2 {[%emt 0:00:03]} g5 {[%emt 0:00:02]} 67.
Be2 {[%emt 0:00:05]} Ke5 {[%emt 0:00:04]} 68. Bc4 {[%emt 0:00:03]} Nb6 {[%emt
0:00:01]} 69. Be2 { [%emt 0:00:01]} Kf4 {[%emt 0:00:01]} 70. Bf1 {[%emt
0:00:02]} e3+ {[%emt 0:00:08]} 71. Ke2 {[%emt 0:00:03]} Ke4 {[%emt 0:00:01]}
72. Bg2+ {[%emt 0:00:01]} Kd4 {[%emt 0:00:01]} 73. Bc6 {[%emt 0:00:00]} Nc4
{[%emt 0:00:02]} 74. Bg2 { [%emt 0:00:03]} Nb6 {[%emt 0:00:05]} 75. Bc6 {[%emt
0:00:01]} Na4 {[%emt 0:00:01]} 76. Bf3 {[%emt 0:00:04]} Nc3+ {[%emt 0:00:01]}
77. Ke1 {[%emt 0:00:01]} Nxb5 {[%emt 0:00:00]} 78. Be2 {[%emt 0:00:01]} Nc3
{[%emt 0:00:02]} 79. Ba6 { [%emt 0:00:00]} Ke4 {[%emt 0:00:02]} 80. Bb7+ {[%emt
0:00:02]} Kf4 {[%emt 0:00:01]} 81. Kf1 {[%emt 0:00:00]} Kg3 {[%emt 0:00:01]}
82. Bc8 {[%emt 0:00:09]} Kxh3 {[%emt 0:00:01]} 83. Ke1 {[%emt 0:00:00]} Kg3
{[%emt 0:00:02]} 84. Kf1 { [%emt 0:00:01]} Kf4 {[%emt 0:00:04]} 85. Ke1 {[%emt
0:00:01]} Ke4 {[%emt 0:00:01]} 86. Bf5+ {[%emt 0:00:03]} Kf3 {[%emt 0:00:02]}
87. Kf1 {[%emt 0:00:01]} e2+ {[%emt 0:00:03]} 88. Ke1 {[%emt 0:00:00]} Nd5
{[%emt 0:00:01]} 89. Bc8 { [%emt 0:00:04]} Nf4 {[%emt 0:00:01]} 90. Bb7+ {[%emt
0:00:03]} Ke3 {[%emt 0:00:01]} 91. Ba6 {[%emt 0:00:03]} Ng2# {[%emt 0:00:01]}
0-1

[Event "DSJ Weihnachtsturnier U20 2020"]
[Site "https://play.chessbase.com/en/play?room=DSJWeihnachtU20"]
[Date "2020.12.29"]
[Round "2"]
[White "Kilinc, Can"]
[Black "Wolf, Pablo"]
[Result "1-0"]
[Termination "normal"]
[Board "6.3"]
[WhiteElo "1932"]
[BlackElo "2001"]
[WhiteTeam "TSV Schönaich"]
[BlackTeam "SC 1868 Bamberg"]
[PlyCount "75"]
[WhiteFideId "16215117"]
[BlackFideId "12943894"]
[EventRounds "7"]
[EventType "team-swiss"]
[EventDate "2020.12.29"]

1. e4 {[%emt 0:00:10]} c5 {[%emt 0:00:30]} 2. Nf3 {[%emt 0:00:02]} d6 {[%emt
0:00:01]} 3. Bb5+ {[%emt 0:00:06]} Nd7 {[%emt 0:00:17]} 4. c3 {[%emt 0:00:05]}
a6 {[%emt 0:00:01]} 5. Ba4 {[%emt 0:00:01]} Ngf6 {[%emt 0:00:01]} 6. Qe2 {[%emt
0:00:03]} e6 {[%emt 0:00:01]} 7. O-O {[%emt 0:00:04]} b5 {[%emt 0:00:01]} 8.
Bc2 {[%emt 0:00:02]} Bb7 {[%emt 0:00:01]} 9. d4 {[%emt 0:00:06]} Be7 {[%emt
0:00:12]} 10. Nbd2 {[%emt 0:00:12]} O-O {[%emt 0:00:03]} 11. Re1 {[%emt
0:00:25]} cxd4 {[%emt 0:00:15]} 12. cxd4 {[%emt 0:00:02]} e5 {[%emt 0:00:01]}
13. d5 { [%emt 0:00:06]} Nb6 {[%emt 0:00:02]} 14. Nf1 {[%emt 0:00:08]} Rc8
{[%emt 0:00:05]} 15. Ng3 {[%emt 0:00:05]} Rc7 {[%emt 0:00:03]} 16. b3 {[%emt
0:00:12]} Bc8 {[%emt 0:00:06]} 17. Be3 {[%emt 0:00:07]} Nfd7 {[%emt 0:00:08]}
18. Rac1 { [%emt 0:00:07]} Nc5 {[%emt 0:00:03]} 19. Qd2 {[%emt 0:00:10]} Bg4
{[%emt 0:00:12]} 20. h3 {[%emt 0:00:17]} Bxf3 {[%emt 0:00:02]} 21. gxf3 {[%emt
0:00:00]} Qc8 {[%emt 0:00:02]} 22. Nf5 {[%emt 0:00:05]} Re8 {[%emt 0:01:02]}
23. Kh2 { [%emt 0:00:06]} g6 {[%emt 0:00:07]} 24. Nh6+ {[%emt 0:00:09]} Kf8
{[%emt 0:00:06]} 25. Rg1 {[%emt 0:00:24]} Bf6 {[%emt 0:00:06]} 26. Ng4 {[%emt
0:00:16]} Qd8 {[%emt 0:00:14]} 27. Nxf6 {[%emt 0:00:17]} Qxf6 {[%emt 0:00:00]}
28. Rg3 { [%emt 0:00:08]} Rec8 {[%emt 0:00:04]} 29. Rcg1 {[%emt 0:00:44]} Ne6
{[%emt 0:00:07]} 30. dxe6 {[%emt 0:00:14]} Rxc2 {[%emt 0:00:33]} 31. Qxd6+
{[%emt 0:00:02]} Qe7 {[%emt 0:00:17]} 32. Qxb6 {[%emt 0:00:05]} Rxa2 {[%emt
0:00:01]} 33. exf7 {[%emt 0:00:13]} Rcc2 {[%emt 0:00:16]} 34. b4 {[%emt
0:00:17]} Kxf7 { [%emt 0:00:14]} 35. Bc5 {[%emt 0:00:27]} Qh4 {[%emt 0:01:32]}
36. Qc7+ { [%emt 0:00:17]} Kg8 {[%emt 0:00:17]} 37. Rxg6+ {[%emt 0:00:21]} hxg6
{[%emt 0:00:06]} 38. Rxg6+ {[%emt 0:00:02]} 1-0

[Event "DSJ Weihnachtsturnier U20 2020"]
[Site "https://play.chessbase.com/en/play?room=DSJWeihnachtU20"]
[Date "2020.12.29"]
[Round "2"]
[White "Tahirovic, Denis"]
[Black "Giebler, Kai"]
[Result "1-0"]
[Termination "normal"]
[Board "6.4"]
[WhiteElo "1439"]
[BlackElo "1880"]
[WhiteTeam "SC 1868 Bamberg"]
[BlackTeam "TSV Schönaich"]
[PlyCount "51"]
[WhiteFideId "16258762"]
[BlackFideId "12998664"]
[EventRounds "7"]
[EventType "team-swiss"]
[EventDate "2020.12.29"]

1. e4 {[%emt 0:00:09]} e5 {[%emt 0:00:01]} 2. Nc3 {[%emt 0:00:02]} Nc6 { [%emt
0:00:01]} 3. Bc4 {[%emt 0:00:02]} Bc5 {[%emt 0:00:03]} 4. Qg4 {[%emt 0:00:02]}
g6 {[%emt 0:00:38]} 5. Qf3 {[%emt 0:00:43]} Qf6 {[%emt 0:01:36]} 6. Nd5 {[%emt
0:00:13]} Qxf3 {[%emt 0:00:02]} 7. Nxf3 {[%emt 0:00:05]} Kd8 {[%emt 0:00:04]}
8. Ng5 {[%emt 0:00:07]} Nh6 {[%emt 0:00:15]} 9. c3 {[%emt 0:00:04]} d6 {[%emt
0:01:15]} 10. b4 {[%emt 0:00:31]} Bb6 {[%emt 0:00:10]} 11. a4 {[%emt 0:00:02]}
a5 {[%emt 0:00:40]} 12. b5 {[%emt 0:00:41]} Ne7 {[%emt 0:00:27]} 13. Nxb6
{[%emt 0:00:03]} cxb6 {[%emt 0:00:02]} 14. Bxf7 {[%emt 0:00:08]} Bd7 { [%emt
0:00:24]} 15. Ba3 {[%emt 0:00:07]} Kc7 {[%emt 0:00:11]} 16. d4 {[%emt 0:00:09]}
exd4 {[%emt 0:01:24]} 17. cxd4 {[%emt 0:00:00]} Nc8 {[%emt 0:00:12]} 18. Rc1+
{[%emt 0:00:14]} Kd8 {[%emt 0:00:01]} 19. Bd5 {[%emt 0:00:31]} Rb8 { [%emt
0:00:21]} 20. O-O {[%emt 0:00:16]} Ke7 {[%emt 0:00:16]} 21. e5 {[%emt 0:00:05]}
Rf8 {[%emt 0:00:55]} 22. exd6+ {[%emt 0:00:14]} Kd8 {[%emt 0:00:01]} 23. Rc7
{[%emt 0:01:00]} Nf5 {[%emt 0:00:53]} 24. Be6 {[%emt 0:00:56]} Be8 { [%emt
0:00:25]} 25. Bxc8 {[%emt 0:00:17]} Rxc8 {[%emt 0:00:01]} 26. Ne6# { [%emt
0:00:01]} 1-0

[Event "DSJ Weihnachtsturnier U20 2020"]
[Site "https://play.chessbase.com/en/play?room=DSJWeihnachtU20"]
[Date "2020.12.29"]
[Round "2"]
[White "Schlangenotto, Niklas"]
[Black "Knüdel, Torben"]
[Result "0-1"]
[Termination "normal"]
[Board "7.1"]
[WhiteElo "2008"]
[BlackElo "2204"]
[WhiteTeam "SK Blauer Springer Paderborn 1926"]
[BlackTeam "Post SV Uelzen"]
[PlyCount "92"]
[WhiteFideId "16217560"]
[BlackFideId "16208820"]
[EventRounds "7"]
[EventType "team-swiss"]
[EventDate "2020.12.29"]

1. e4 {[%emt 0:00:09]} e5 {[%emt 0:00:07]} 2. Nf3 {[%emt 0:00:02]} Nc6 { [%emt
0:00:03]} 3. d4 {[%emt 0:00:03]} exd4 {[%emt 0:00:04]} 4. Bc4 {[%emt 0:00:02]}
Nf6 {[%emt 0:00:05]} 5. e5 {[%emt 0:00:01]} d5 {[%emt 0:00:01]} 6. Bb5 {[%emt
0:00:01]} Ne4 {[%emt 0:00:01]} 7. Nxd4 {[%emt 0:00:01]} Bd7 {[%emt 0:00:04]} 8.
Bxc6 {[%emt 0:00:01]} bxc6 {[%emt 0:00:00]} 9. O-O {[%emt 0:00:01]} Bc5 {[%emt
0:00:16]} 10. f3 {[%emt 0:00:01]} Ng5 {[%emt 0:00:01]} 11. Be3 {[%emt 0:00:01]}
Bxd4 {[%emt 0:00:43]} 12. Qxd4 {[%emt 0:00:42]} Ne6 {[%emt 0:00:05]} 13. Qd2
{[%emt 0:01:41]} O-O {[%emt 0:01:22]} 14. f4 {[%emt 0:00:08]} f5 { [%emt
0:00:04]} 15. Nc3 {[%emt 0:00:31]} Qe7 {[%emt 0:00:32]} 16. Qf2 {[%emt
0:01:14]} Qb4 {[%emt 0:01:32]} 17. Rfd1 {[%emt 0:00:44]} Qxb2 {[%emt 0:00:31]}
18. Na4 {[%emt 0:02:30]} Qb5 {[%emt 0:00:20]} 19. Nc5 {[%emt 0:00:36]} Nxc5 {
[%emt 0:00:09]} 20. Bxc5 {[%emt 0:00:00]} Rfe8 {[%emt 0:00:52]} 21. Rab1 {
[%emt 0:00:11]} Qa6 {[%emt 0:00:23]} 22. Qd4 {[%emt 0:00:27]} Be6 {[%emt
0:00:15]} 23. Rb3 {[%emt 0:00:07]} Reb8 {[%emt 0:00:35]} 24. Rh3 {[%emt
0:00:11]} Qxa2 {[%emt 0:00:27]} 25. g4 {[%emt 0:00:02]} Rb1 {[%emt 0:00:12]}
26. gxf5 { [%emt 0:00:10]} Qxc2 {[%emt 0:00:17]} 27. Rxb1 {[%emt 0:00:18]}
Qxb1+ {[%emt 0:00:00]} 28. Kf2 {[%emt 0:00:06]} Qxf5 {[%emt 0:00:09]} 29. Ra3
{[%emt 0:00:11] Paderb1-001 offers a draw} a5 {[%emt 0:00:11]} 30. Ra2 {[%emt
0:00:06]} a4 { [%emt 0:00:04]} 31. Rb2 {[%emt 0:00:03]} a3 {[%emt 0:00:40]} 32.
Ra2 {[%emt 0:00:15]} Qh3 {[%emt 0:00:05]} 33. Kg1 {[%emt 0:00:07]} Qb3 {[%emt
0:00:28]} 34. Qf2 {[%emt 0:00:04]} d4 {[%emt 0:00:04]} 35. Ra1 {[%emt 0:00:08]}
Bd5 {[%emt 0:00:06]} 36. Qxd4 {[%emt 0:00:08]} Qf3 {[%emt 0:00:07]} 37. Ra2
{[%emt 0:00:04]} Qh1+ {[%emt 0:00:03]} 38. Kf2 {[%emt 0:00:01]} Qg2+ {[%emt
0:00:01]} 39. Ke3 { [%emt 0:00:01]} Qxa2 {[%emt 0:00:02]} 40. f5 {[%emt
0:00:01]} Qb3+ {[%emt 0:00:01]} 41. Kd2 {[%emt 0:00:02]} Qb2+ {[%emt 0:00:01]}
42. Qxb2 {[%emt 0:00:04]} axb2 {[%emt 0:00:00]} 43. Kc2 {[%emt 0:00:01]} Rb8
{[%emt 0:00:01]} 44. Kb1 { [%emt 0:00:01]} Be4+ {[%emt 0:00:01]} 45. Ka2 {[%emt
0:00:01]} b1=Q+ {[%emt 0:00:01]} 46. Ka3 {[%emt 0:00:01]} Qb3# {[%emt 0:00:00]}
0-1